000 00922nas a2200289 4500
001 BR2011006265
003 BR-BrBNA
005 20231205115645.0
007 ta
008 230509b bl.|||p| |||| 00| 00por d
040 _aBR-BrBNA
_bpor
_cBiblioteca Nacional de Agricultura
041 _a(Pt)
072 _aH20
100 1 _aSchenato, P.G.
100 1 _aValdebenito-Sanhueza, R.M.
100 1 _aDuarte, V.
245 1 _aDeterminação da presença da raça 1 de Venturia inaequalis no Sul do Brasil
246 1 _aDetermination of the presence of Venturia inaequalis race 1 in Southern Brazil
650 _aVENTURIA INAEQUALIS
650 _aFUNGO
650 _aMAÇÃ
650 _aPATOGENICIDADE
650 _aFOLHA
773 0 _tTropical Plant Pathology (Brazil)
_xISSN 1982-5676
_g(Jul-Aug 2008), v. 33(4) p. 281-287
_wBR2011006265
909 _a202311
_bLúcia
_c55
_dLúcia Elande
942 _2AGRIS
_n0
_cANA
999 _c215075
_d215075